|
|
|
|
| LEADER |
00000nam a22000007a 4500 |
| 005 |
20180713104619.0 |
| 007 |
cr|||| |||| |
| 008 |
180713s2018 br |||||s|||| 00||0 por d |
| 020 |
|
|
|a 978-85-361-9447-9
|
| 035 |
|
|
|a 21764
|
| 040 |
|
|
|a vLex
|
| 090 |
|
|
|c 8033
|d 8033
|
| 100 |
1 |
|
|a de Oliveira, Francisco Antonio
|
| 245 |
1 |
1 |
|a A execuȯ̂ na justiȧ do trabalho
|h [Recurso electrn̤ico] :
|b De acordo com a Lei n. 13.467/2017 e a MP n. 808/2017 /
|c Francisco Antonio de Oliveira
|
| 256 |
|
|
|a Servicio en ln̕ea
|
| 260 |
|
|
|a San Pablo:
|b LTR,
|c 2018
|
| 300 |
|
|
|a 1 recurso electrn̤ico
|
| 500 |
|
|
|a A 9® ediȯ̂ da presente obra, ̉venda nas principais livrarias do pas̕, traduz prova inconteste da sua aceitaȯ̂ entre aqueles que militam na Justiȧ do Trabalho, advogados, juz̕es e funcionr̀ios das Varas do Trabalho. A obra mantm̌ o mesmo sistema no desenvolvimento da matřia, distribud̕a em capt̕ulos e centenas de itens nomeados, com o objetivo de facilitar a busca e a localizaȯ̂ do tema procurado. Todos os capt̕ulos e itens foram revistos e outros acrescentados com o objetivo de adequar a obra ao novo Cd̤igo de Processo Civil.
|
| 506 |
1 |
|
|a Disponible solo en los productos indicados
|d vLex Global
|d vLex Global (Academic Edition, excluding Law Schools)
|d vLex Global (U.S. Academic Edition, Law Schools)
|d vLex Global (U.S. Academic Edition, excluding Law Schools)
|d vLex Global (Academic Edition, Law Schools)
|
| 650 |
0 |
4 |
|a Derecho Laboral y Seguridad Social
|z Brasil
|
| 650 |
0 |
4 |
|a Derecho Procesal
|z Brasil
|
| 650 |
0 |
4 |
|a Procedimiento Laboral
|z Brasil
|
| 740 |
0 |
|
|a vLex Libros (Servicio en ln̕ea)
|
| 856 |
4 |
0 |
|u http://vlex.com/source/execu-o-na-justi-a-do-trabalho-de-acordo-com-a-lei-n-13-467-2017-e-a-mp-n-808-2017-21764
|z Acceso restringido
|
| 942 |
|
|
|c BOOK
|
| 999 |
0 |
|
|a Labor Law and Social Security
|
| 999 |
0 |
|
|a Procedural Law
|
| 999 |
0 |
|
|a Labor Procedure
|